000 00642nam a2200241Ia 4500
003 OSt
005 20220924114716.0
006 a|||||r|||| 00| 0
007 ta
008 220923b |||||||| |||| 00| 0 ara d
024 _a338963
037 _cTextual
040 _aARTS
_cARTS
_bara
041 _2ara
_aara
082 _aO28,3NYU,2, L3
100 _aSabaie Yusuf Au.
_9174916
245 0 _aPhyditic ya laila
260 _aCairo
_bAl-Khanji Egypt
_c1973
300 _a339p.
_ccm.
650 _aARABIC FICTION
_964594
942 _hO28,3NYU,2, L3
_cTEXL
_2CC
999 _c394895
_d394895